Aproximación a un modelo de pastoreo intensivo /

Guardado en:
Autor Principal: Hill Secco, Walter
Formato: Libro
Publicado: Buenos Aires : Hemisferio Sur, 2006
Materias:
Etiquetas: Agregar Etiqueta
Sin Etiquetas, Sea el primero en etiquetar este registro!
LEADER 00672nam a22002055a 4500
001 CEM.cems017592
005 20131022181541.0
008 130507s2006##################000#0#####d
003 CEMS
020 |a 9974645468 
082 0 4 |a 636.084 
100 1 |a Hill Secco, Walter 
245 1 0 |a Aproximación a un modelo de pastoreo intensivo /  |c Walter Hill Secco 
260 |a Buenos Aires :  |b Hemisferio Sur,  |c 2006 
300 |a 68 p. 
505 0 |a Carga animal y receptividad -- Aprovechamiento integral del forraje -- El pastoreo y la pastura 
653 |a Pastoreo 
653 |a Forraje 
653 |a Pastoreo intensivo 
859 |a CEMS  |b BIB. CEMS - Agricultura  |h 636.084  |i H555  |p A1382.11  |t Ej.1